01048nam a2200217 a 450000100100000000500170001000800410002704000250006810000360009324500890012926000730021830000200029149000170031150001250032883000240045304900090047795201110048695201050059795201110070299900170081300002796620200930031235.0110406s1997 dr 000 0 spa d aDO-SdBNPbspacBNPHU1 aSalazar, Héctor Miguel95503310aEstrategias para su agenda de modernización educativa. /cHéctor Miguel Salazar. aSanto Domingo, :bUnión de profesionales dominicanos (UPD),c1997. a32 p. ;c14 cm.1 aEducativav2 aSeminario: estrategías de integración de los colegios privados a la modernización del sistema educativo dominicano 0aEducativav2955034 aBNPD 0010718DSaGRbGRcCTd2011-04-06iLF1l0o p27966-30r2020-06-25te. 3w2020-06-25yLFDSZNo se presta 0010718PDaPDbPDcCTd2011-04-06iLF1l0o p27966-10r2020-06-25w2020-06-25yLFPDZNo se presta 0010718PDaPDbPDcCTd2011-04-06iLF1l0o p27966-20r2020-06-25te. 2w2020-06-25yLFPDZNo se presta c27458d27458